000 004320000a22001690004500
003 MACL
005 20160110120127.0
008 160110b xxu||||| |||| 00| 0 eng d
040 _aMACL
_cMACL
041 _aEnglish
082 _a825/HAM
100 _aHawthorne, Julian
_930543
245 _aOrations of American Orators
_bvol 2
260 _bThe Colonial Press
_aNew York
650 _aSpeeches
_930764
942 _cBK
_k825/HAW
_2ddc
999 _c36932
_d36932